000 01143naa a22003257a 4500
001 BR7604065
003 BR-BrBNA
005 20240918173922.0
007 ta
008 230509b bl.||||| |||| 00| 0 por d
040 _aBR-BrBNA
_bpor
_cBiblioteca Nacional de Agricultura
041 _a(Pt)
072 _aF30
_b1060
090 _aF30 BR7604065
100 1 _aVasconcellos, H. de O.
100 1 _aDuarte, L.S.N.
100 1 _aAraujo, C.M.
111 1 _a3. Congresso Brasileiro de Fruticultura
_cRio de Janeiro, RJ (Brazil)
_d14 Jul 1975
245 1 _aEstudo cromossomico de (Citrus sinensis (L.)Osbeck), laranja folha murcha [citogenetica vegetal]
260 3 _aCampinas, SP (Brasil):
_c1976.
500 _aAnais do 3. Congresso Brasileiro de Fruticultura Campinas, SP (Brasil): 1976. v. 2 p. 639-643 (BR7604065-AM)F30
650 _aLARANJA
650 _aVARIEDADE
650 _aCROMOSSOMA
650 _aCELULA
650 _aMEIOSE
773 0 _tAnais do 3. Congresso Brasileiro de Fruticultura
_wF30 BR7604065
_gCampinas, SP (Brasil), 1976. v. 2 p. 639-643
909 _a202404
_bLucia
_c55
_dLucia Elande
942 _cAM
_2AGRIS
999 _c307681
_d307681